000
00320 a2200145 4500
001
59350
020
_a
8532238106
040
_c
Anchieta - Pituba
100
_a
Bandeira, Pedro
240
1
0
_a
O poeta e o cavaleiro
_l
por
245
1
0
_a
O poeta e o cavaleiro
300
_a
93
650
4
_a
Literatura juvenil
942
_c
BK
999
_c
59350
_d
59350